| 000 | 00706nam a2200217Ia 4500 | ||
|---|---|---|---|
| 003 | GCL | ||
| 008 | 140319s9999 xx 000 0 ara d | ||
| 040 |
_aGCL / _cGCL |
||
| 082 | 0 | 4 |
_a301.659 _bم ر |
| 100 | 1 | _aمحمد عبدالقادر حاتم | |
| 245 | 1 | 0 |
_aالرأى العام وتأثيره بالاعلام والدعاية / _cمحمد عبدالقادر حاتم |
| 260 |
_a[S.N] : _bالهيئة المصرية العامة للكتاب ، _c1993 |
||
| 300 | _a766 ص | ||
| 490 | _a | ||
| 650 | 0 | 4 | _aالعلاقات العامة |
| 650 | 0 | 4 | _aالاعلام |
| 650 | 0 | 4 | _aالدعاية |
| 650 | 0 | 4 | _aالراى العام |
| 650 | 0 | 4 | _aالاجتماع، علم |
| 942 |
_2ddc _cBK |
||
| 999 |
_c28832 _d28832 |
||